Voivodeships of Poland Quiz - Statistics

General Stats
  • This quiz has been taken 11 times
  • The average score is 9 of 16
Answer Stats
Voivodeship % Correct
Greater Poland
78%
Lublin
78%
Kuyavian-Pomeranian
67%
Lesser Poland
67%
Łódź
67%
Opole
67%
Pomeranian
67%
West Pomeranian
67%
Lower Silesian
56%
Podlaskie
56%
Silesian
56%
Subcarpathian
56%
Holy Cross
44%
Lubusz
44%
Masovian
33%
Warmian-Masurian
33%
No matching quizzes found
Score Distribution
Percent of People with Each Score
Percentile by Number Answered
Your Score History
You have not taken this quiz